000 01360cam a2200373 a 4500
001 2965
003 FISKH
005 20240126104054.0
008 940810s1994 nyua j 000 0 eng d
010 _a 94076366
020 _a0670858366 :
020 _a9780545162166
035 _a(OCoLC)31452139
040 _aOCo
_cOCo
_dDLC
_beng
042 _alccopycat
_alcac
050 0 0 _aTX652.5
_b.D34 1994
082 0 0 _a641.5/622
_220
100 1 _aDahl, Roald.
240 1 0 _aRevolting recipes
245 1 0 _aRoald Dahl's revolting recipes /
_cillustrated by Quentin Blake ; with photographs by Jan Baldwin ; recipes compiled by Josie Fison and Felicity Dahl.
250 _aThis edition published in 1997
260 _aNew York :
_bPuffin Books,
_c1994.
300 _a61 pages :
_bcolor illustrations ;
_c25 cm.
505 _aP
520 _aFor use in schools and libraries only. Offers simple, step-by-step recipes for dishes mentioned in Roald Dahl's works, including such delicacies as "Bruce Bogtrotter's Sensational Chocolate Cake" and "Stinkbug Eggs.
521 8 _a650
_bLexile
521 8 _aP
_bRaz-Plus
650 0 _aCooking
_vJuvenile literature.
650 1 _aCooking.
650 1 _aLiterary cookbooks.
700 1 _aBlake, Quentin,
_eillustrator
906 _a7
_bcbc
_ccopycat
_d2
_eopcn
_f19
_gy-gencatlg
942 _2ddc
_cBK
_n0
999 _c2965
_d2965